LEADER 01611nam a2200373 a 4500 001 000000148884 003 CaOOAMICUS 005 20160127144716.0 008 160127s2008 it u000 u ita r 020 $a9788884771711* 032 $aLibriCat 040 $aPUL$bita 082 04$a174.9 100 1 $aParitanti, Ornella.$0(OLS)http://pul/name/95013 245 10$aAzienda ed etica :$bmodelli per lo sviluppo economico e gestione di aziende etiche /$ccandidata Ornella Paritanti ; relatore prof. Paolo Lisi. 260 $aSaronno :$bMonti,$c2008. 300 $a186 p. ;$c21 cm. 500 $aSul front.: Universita Telematica Guglielmo Marconi, Facolta di Economia, Corso di laurea in Scienze economiche, a.a. 2007-2008. 504 $aBibliografia p. 177-186. 650 4$aEtica e economia.$0(OLS)http://pul/subject/11804 700 1 $aLisi, Paolo.$0(OLS)http://pul/name/95014 850 $aPUL 852 $aPUL$W1$xSL Filosofia 3$y81$m174. 9 PAROR 1$j171599$qDDC 21$B173087$CPULBib$Z2$F173087 $H126863 $81 941 1 $a9 960 $aEconomia e morale$911804 960 $aEconomia e morale$911804 960 $aEtica economica$911804 960 $aEtica degli affari$911804 960 $aFinanza etica$911804 996 $6020$a9788884771711*$9(OLS)http://pul/number/159441 996 $6082$a174.9$9(OLS)http://pul/classification/495 996 $6245$aAzienda ed etica :$bmodelli per lo sviluppo economico e gestione di aziende etiche$9(OLS)http://pul/title/187746 996 $6260$aSaronno :$bMonti$9(OLS)http://pul/publisher/61954 LEADER 02001nam a2200385 a 4500 001 000000149980 003 CaOOAMICUS 005 20160303103444.0 008 160303s2016 it u000 u ita r 020 $a978-88-08-05887-4* 032 $aLibriCat 040 $aPUL$bita 082 04$a348.45 245 03$aLe operazioni di finanziamento bancario, societario, sull'estero, al consumatore, strutturato, a mezzo garanzia, pubblico /$copera ideata e diretta da Francesco Galgano ; proseguita e curata da Elisabetta Panzarini, con Aldo Angelo Dolmetta, Sergio Patriarca ; con la collaborazione di Gastone Cottino ... [et al.]. 260 $aBologna :$bZanichelli,$cİ2016. 300 $aXXVIII, 2036 p. ;$c25 cm. 490 1 $aDottrina casi sistemi ;$v34 500 $aSulla cop.: con risorse digitali. 504 $aBibliografia p. [1935]-2011. 650 4$aFinanziamenti$xLegislazione.$0(OLS)http://pul/subject/34226 650 4$aBanche e gestione bancaria.$0(OLS)http://pul/subject/6724 700 1 $aGalgano, Francesco.$0(OLS)http://pul/name/24116 700 1 $aPanzarini, Elisabetta.$0(OLS)http://pul/name/95535 700 1 $aDolmetta, Aldo Angelo.$0(OLS)http://pul/name/95536 700 1 $aPatriarca, Sergio.$0(OLS)http://pul/name/82069 700 1 $aCottino, Gastone,$d1925-2024.$0(OLS)http://pul/name/34660 830 0$aDottrina casi sistemi ;$v34.$0(OLS)http://pul/title/139266 850 $aPUL 852 $aPUL$W1$xSL Diritto e Scienze Sociali 3$y79$m348. 45 COLL 1.34$j172590$qDDC 21$B174431$CPULBib$Z2$F174431 $H127332 $81 941 1 $a9 996 $6020$a978-88-08-05887-4*$9(OLS)http://pul/number/159925 996 $6082$a348.45$9(OLS)http://pul/classification/373 996 $6245$aLe operazioni di finanziamento bancario, societario, sull'estero, al consumatore, strutturato, a mezzo garanzia, pubblico$9(OLS)http://pul/title/189037 996 $6260$aBologna :$bZanichelli$9(OLS)http://pul/publisher/48255